Les marques parodiées par les Nuls - Statistiques

Statistiques générales
  • Ce quiz a été pris 122 fois
  • Le résultat moyen est 21 sur 37
Statistiques - réponses
Type de quiz Marque des nuls Marque réelle % Correct
Lessive Arielle Ariel
96%
Constructeur automobile Beugeot Peugeot
94%
Stylos Bik Bic
93%
Chaine de bricolage Bastorama Castorama
93%
Poupées Barbès Barbie
85%
Constructeur automobile Reneault Renault
84%
Bière Deineken Heineken
81%
Tampon hygiénique Tampix Tampax
81%
Soda Cake Coca-Cola
80%
Cosmétiques Lencôme Lancôme
80%
Opticien Alain Flou Alain Afflelou
79%
Sous-vêtements Dime Dim
77%
Eau minérale Contresque Contrex
76%
Banque Société géniale Société générale
76%
Commerce de meubles Put But
71%
Produits pour bébés Gerbé Gerblé
67%
Aliments pour chats Kwiskas Whiskas
67%
Lait Lacten Lactel
63%
Céréales Vilky Way Milky Way
63%
Automobile Pigeot 265 Peugeot 205
63%
Soda Shpewepes Schweppes
63%
Nourriture Royal Rabbin Royal Canin
54%
Shampooing Ultra mou de Granier Ultra doux de Garnier
51%
Aspirateurs Founinex Moulinex
39%
Adoucissant Mr Cajoligue Cajoline
38%
Parfum Channel N°5 Chanel N°5
36%
Poisson pané Captain Bigleux Captain Igloo
30%
Cosmétiques Barbara Gourde Barbara Gould
28%
Café Jacques Bave Jacques Vabre
28%
Rallye automobile Gamel Trophy Camel Trophy
22%
Produit lave vaisselle Pire express Mir express
21%
Journal Cannes-Midi Nice-Matin
20%
Crème à récurer Pif ammoniacal Cif ammoniacal
19%
Colle Hyper glue 4 Super glue 3
18%
Dentifrice Toniglandyl Tonigencyl
17%
Bière Breuckler Buckler
10%
Détergent Solcarnus Solcarlus
5%
Aucun quiz correspondant
Distribution des résultats
% des personnes avec chaque résultat
Percentile par nombre de réponses
Votre historique - résultats
Vous n’avez pas pris ce quiz